000 00530nam a2200229Ia 4500
003 OSt
005 20220918191433.0
006 a|||||r|||| 00| 0
007 ta
008 220917b |||||||| |||| 00| 0 eng d
024 _a63,375
037 _cTextual
040 _aARTS
_cARTS
_beng
041 _2eng
_aeng
082 _aRx, J3
100 _aDurant Will
245 0 _aPleasure of philosophy
260 _c1953
650 _aPHILOSOPHY
942 _hRx, J3
_cTEXL
_2CC
999 _c189891
_d189891